Statistics for Math Subtraction Problems (Integers 1 - 200)

Click here to take the quiz!

General Stats

  • This quiz has been taken 254 times
  • The average score is 10 of 10

Answer Stats

ProblemAnswer% Correct
200 - 100 =100
100%
14 - 12 =2
100%
57 - 24 =33
100%
98 - 9 =89
100%
37 - 6 =31
99%
179 - 129 =50
99%
163 - 44 =119
98%
101 - 89 =12
98%
122 - 67 =55
97%
180 - 47 =133
96%

Score Distribution

Percentile by Number Answered

Percent of People with Each Score

Your Score History

You have not taken this quiz